000 00809nam a22002297a 4500
999 _c525470
_d525470
003 NUST
005 20190702085623.0
008 190702b ||||| |||| 00| 0 eng d
038 _aIESE
040 _c0
050 _a628 HAS
082 _a628 HAS
100 _aSibt-e-Hassan
_916365
245 _aBioenergy potential assessment of distillery stillage and sugarcane industry by-products through anaerobic digestion
_cSibt-e-Hassan
260 _aIslamabad
_bIESE (SCEE) NUST
_c2018
300 _a65p.
_bH.B
440 _aMS Environmental Engineering
_91549
500 _aThesis MS EE
650 _aEnvironmental Engineering
_91550
700 _4Dr. Zeshan Sheikh (Supervisor)
942 _2ddc
_cTHE
_kIESE